Franchisee Quiz Stats

 Plays Quiz not verified by Sporcle

Also try: Famous Sisters
Challenge
Share
Tweet
Embed
Score 0/25 Timer 15:00
0 Plays Today
% Correct
???
87.5%
???
75%
???
75%
???
75%
???
62.5%
???
62.5%
???
62.5%
???
62.5%
???
62.5%
???
62.5%
???
62.5%
???
50%
???
50%
% Correct
???
50%
???
50%
???
50%
???
37.5%
???
37.5%
???
37.5%
???
37.5%
???
37.5%
???
25%
???
25%
???
12.5%
???
12.5%

You're not logged in!

Compare scores with friends on all Sporcle quizzes.
Join for Free
OR
Log In

You Might Also Like...

Show Comments

Extras

Created Apr 22, 2015ReportNominate
Tags:Clickable Quiz

Top Quizzes Today


Score Distribution

Your Account Isn't Verified!

In order to create a playlist on Sporcle, you need to verify the email address you used during registration. Go to your Sporcle Settings to finish the process.

Report this User

Report this user for behavior that violates our Community Guidelines.

Details: